Normal view MARC view

Entry Personal Name

Number of records used in: 1

001 - CONTROL NUMBER

  • control field: 29808

003 - CONTROL NUMBER IDENTIFIER

  • control field: OSt

005 - DATE AND TIME OF LATEST TRANSACTION

  • control field: 20220214122345.0

008 - FIXED-LENGTH DATA ELEMENTS

  • fixed length control field: 220214|| aca||aabn | a|a d

040 ## - CATALOGING SOURCE

  • Original cataloging agency: OSt
  • Transcribing agency: OSt

100 ## - HEADING--PERSONAL NAME

  • Personal name: Pandey, Ajit Kumar

670 ## - SOURCE DATA FOUND

  • Source citation: Work cat.: (OSt)518701: Pandey, Ajit Kumar, A. K. Saran’s sociology: Towards a critique of modernist mode in social sciences

Powered by Koha